000 00399nam a2200121Ia 4500
008 160712s9999 xx 000 0 und d
100 _aSamar, Edgar Calabia.
245 _cEdgar Calabia Samar
_aMga Tula
260 _c2012
_bLikhaan: The Journal of Contemporary Philippine Literature
300 _avol. 6
650 _xTULA
856 _uhttp://journals.upd.edu.ph/index.php/lik/issue/view/536/showToc
999 _c297507
_d297507